[Event "ROM-ch"]
[Site "Sarata Monteoru"]
[Date "2012.02.17"]
[Round "6"]
[White "Morea, Georgiana Steluta"]
[Black "Vacar, Gligore"]
[Result "1-0"]
[WhiteElo "1882"]
[BlackElo "1788"]
[PlyCount "70"]
[EventDate "2012.02.13"]
[EventType "swiss"]
[EventRounds "11"]
[EventCountry "ROU"]
[SourceTitle "CBM 147 Extra"]
[Source "ChessBase"]
[SourceDate "2012.04.24"]
[SourceVersion "1"]
[SourceVersionDate "2012.04.24"]
[SourceQuality "1"]

1. d4 d5 2. c4 c6 3. Nc3 e6 4. e4 dxe4 5. Nxe4 Bb4+ 6. Nc3 Nf6 7. Nf3 Ne4 8. Bd2 Nxd2 9. Qxd2 Nd7 10. Rd1 Nf6 11. Bd3 b6 12. 0-0 0-0 13. Qc2 Bxc3 14. Qxc3 Bb7 15. Ne5 Qe8 16. Bb1 Rd8 17. Qh3 g6 18. Rd3 Nh5 19. Qe3 f6 20. Nf3 Ng7 21. Re1 Rd7 22. b4 Re7 23. Ra3 Ba8 24. c5 Qd8 25. Nd2 Kh8 26. Nc4 bxc5 27. dxc5 Ne8 28. Rd3 Qb8 29. a3 Nc7 30. Rd6 Rfe8 31. Qh6 f5 32. Ne5 Rg7 33. Rd7 Rxd7 34. Nxd7 Qc8 35. Ne5 Re7 1-0

[Event "ROM-ch"]
[Site "Sarata Monteoru"]
[Date "2012.02.15"]
[Round "3"]
[White "Vacar, Gligore"]
[Black "Zlatea, Cezar Stelian"]
[Result "1-0"]
[WhiteElo "1788"]
[BlackElo "1679"]
[PlyCount "113"]
[EventDate "2012.02.13"]
[EventType "swiss"]
[EventRounds "11"]
[EventCountry "ROU"]
[SourceTitle "CBM 147 Extra"]
[Source "ChessBase"]
[SourceDate "2012.04.24"]
[SourceVersion "1"]
[SourceVersionDate "2012.04.24"]
[SourceQuality "1"]

1. e4 e5 2. f4 Bc5 3. Nf3 d6 4. c3 f5 5. d3 Nf6 6. fxe5 dxe5 7. Nxe5 Qe7 8. d4 Bd6 9. exf5 Bxe5 10. dxe5 Qxe5+ 11. Qe2 Qxe2+ 12. Bxe2 Bxf5 13. 0-0 Bg6 14. Bc4 Nbd7 15. Re1+ Kd8 16. Bf4 Rf8 17. Na3 a6 18. Bb3 Bf7 19. Bd1 Bd5 20. c4 Bc6 21. Nc2 Ne4 22. Be3 Ndf6 23. Nd4 Bd7 24. Bc2 Re8 25. Rad1 Kc8 26. Nf3 Bg4 27. Bd4 Bh5 28. Bxf6 Nxf6 29. Rxe8+ Bxe8 30. Ng5 b6 31. Nxh7 Nxh7 32. Bxh7 Bf7 33. Bf5+ Kb8 34. Rd8+ Ka7 35. Rd7 Bg8 36. Rxg7 Rf8 37. g4 Kb7 38. b3 b5 39. cxb5 axb5 40. h4 Kc6 41. Bd7+ Kc5 42. Rg5+ Bd5 43. Bxb5 c6 44. Bc4 Rh8 45. h5 Kd6 46. a4 Ke6 47. Rg6+ Kd7 48. h6 Bxc4 49. bxc4 Kc7 50. c5 Kb7 51. g5 Ka6 52. Rxc6+ Ka5 53. Rg6 Kxa4 54. Rg7 Kb5 55. h7 Kxc5 56. g6 Kd6 57. Rg8 1-0